00565 2200217 4500001002100000005001500021035002000036007000300056008004100059020001800100082000800118084001400126100002100140245006500161250001000226260003400236300003200270700001700302650002000319990000800339INLIS00000000000511120200204094252 a0010-0120000196ta200204 d f ind  a979-3600-17-9 a813 a813 RUD t0 aGUNAWAN, FX Rudy1 aTusuk Jelangkung /cFX Rudy Gunawan; penyunting, Denny Indra acet.3 aJakarta :bGagas Media,c2005 a174 hal. :bilus. ;c18 cm.0 aDENNY, Indra 4aFIKSI INDONESIA a327